| 000 | 00620nam a22001457a 4500 | ||
|---|---|---|---|
| 020 | _a978-0-439-67176-7 | ||
| 082 |
_a823 _bABB/S |
||
| 100 | _aABBOTT, TONY | ||
| 245 |
_aTHE SECRETS OF DROON _bIN THE SHADOW OF GOLL |
||
| 260 |
_aNEW YORK _bSCHOLASTIC _c2016 |
||
| 300 | _a124 | ||
| 520 | _aIt's a dangerous time in Droon. A mysterious ancient sorcerer has arrived, waking the infamous Warriors of the Skorth and wreaking havoc. He seems to be an expert in the most evil, long-ago magic, and leads Eric and his friends on a treacherous journey to the Dark Lands. | ||
| 650 |
_aADVENTURE STORY _zUNITED STATES |
||
| 942 | _cBK | ||
| 999 |
_c6086 _d6086 |
||